000 00328nam a2200157Ia 4500
100 _aUgural/Ansel C
650 _aMechanics
942 _cBK
366 _f25
245 _aMechanics of Materials
260 _bWiley India
_c2008
082 _a620.11292
_bUGU
300 _a716
546 _aENGLISH
_cInfo.Tech
999 _c35482
_d35482